Normal view
MARC view
- WEDC Conference
Entry Meeting Name
001 - CONTROL NUMBER
- control field: 5780
003 - CONTROL NUMBER IDENTIFIER
- control field: NUST
005 - DATE AND TIME OF LATEST TRANSACTION
- control field: 20171031133311.0
008 - FIXED-LENGTH DATA ELEMENTS
- fixed length control field: 171031|| aca||aabn | a|a d
040 ## - CATALOGING SOURCE
- Original cataloging agency: NUST
- Transcribing agency: NUST
111 ## - HEADING--MEETING NAME
- Meeting name or jurisdiction name as entry element: WEDC Conference
- Number of part/section/meeting: (19th :
- Date of meeting: 1993 :
- Location of meeting: Accra, Ghana)
670 ## - SOURCE DATA FOUND
- Source citation: Work cat.: (NUST)0: WEDC Conference (19th : 1993 : Accra, Ghana), Water, sanitation, environment and development :, 1994.
